000 00895cab a2200253 4500
001 WB3014-75
008 090401t1994 xxu||||| |||| 00| 0 eng d
035 _a(Sirsi) u24388
041 _aeng
245 _aBuying agents enjoy surge in popularity
260 _c1994
350 _a0
490 _aEstates Gazette
_v(9413) 2 April 1994, 37(1)
520 _aBuying agents are coming to the rescue of property hunters frustrated by the dearth of good-quality property available. Charges vary, but the standard is about 1.5% for finding and negotiating on the purchase of a home.
650 _aBUYING AGENTS
650 _aCHARTERHOUSE INTERNATIONAL
650 _aHOUSE PURCHASE
650 _aPROPERTY SERVICE
650 _aPROPERTY VISION
650 _aSCLATER PROPERTY SEARCH
690 _aMANAGEMENT-BUSINESS MANAGEMENT-PROFESSIONAL PRACTICE
942 _n0
948 _c04/03/1997
999 _c16355
_d16355